000 00557nam a2200181Ia 4500
005 20250508153146.0
008 008 250505s9999 xx 000 0 eng d
037 _aBooks to be hide in OPAC
040 _aFEDL
_beng
_cFEDL
041 _aeng
_2eng
084 _a700, RAV/O
_qFEDL
100 _aRaval Ravishankar M
_9763282
245 0 _aMunishi's world of imagination: With 35 art plates in full colours
260 _aBombay, India
_bBhartiya Vidya Bhavan
_c1962
300 _a186p.
942 _cHB
_h700, RAV/O
999 _c1340951
_d1340951